Crisis y renovación en la izquierda salvadoreña /

Guardado en:
書目詳細資料
主要作者: Guido Béjar, Rafael
格式: Texto
標簽: 添加標簽
沒有標簽, 成為第一個標記此記錄!

MARC

LEADER 00000 a a2200000 04500
001 47482
003
040
100 |a Guido Béjar, Rafael  
245 |a Crisis y renovación en la izquierda salvadoreña /  |c Rafael Guido Béjar  
773 |g número2, (1994), páginas 24-31  
999 |c 31566  |d 31566